000 00286nam a22001337a 4500
008 170309b xxu||||| |||| 00| 0 eng d
020 _a3135478017
041 _aeng
080 _a611
100 _a6
101 _aSHM
245 _aATLAS OF LYMPHOGRAPHY
_cVIAMONTE, M
942 _2udc
_cBK
999 _c7279
_d7279